| 000 | 01370nam a2200361 4500 | ||
|---|---|---|---|
| 001 | 88 | ||
| 003 | OSt | ||
| 005 | 20250528074011.0 | ||
| 008 | 250123b |||||||d |||| 00| 1 eng d | ||
| 020 | _a9788501069993 | ||
| 040 | _bpor | ||
| 041 |
_heng _apor |
||
| 082 |
_a028.5 _bC116p |
||
| 100 | 1 |
_aCabot, Meg, _d1967- _9199 |
|
| 240 | _aPrincess in pink | ||
| 245 |
_aA princesa: _bDe rosa-shocking / _cCabot, Meg ; Tradução de Ana Ban |
||
| 250 | _a5° edição | ||
| 260 |
_aRio de Janeiro _bRecord _c2007 |
||
| 300 | _a300 p. | ||
| 490 | 1 |
_aO diário da Princesa _vLivro 05 |
|
| 500 | _aA Princesa de rosa-shocking Sequência de: A princesa à espera | ||
| 520 | _aEm A PRINCESA DE ROSA-SHOCKING, quinto volume da série O Diário da Princesa — que deu origem à superprodução dos Estúdios Disney estrelada por Julie Andrews e Anne Hathaway e um dos lançamentos mais vendidos pela Editora Record —, ela precisa convencer o namorado Michael a vestir um smoking, comprar um belo buquê e alugar uma limusine para o evento. | ||
| 650 | 0 |
_aLiteratura Americana _984 |
|
| 650 | 0 |
_aHumor _960 |
|
| 650 | 0 |
_aAmor e Paixão _925 |
|
| 650 | 0 |
_aInfantojuvenil _9200 |
|
| 650 | 0 |
_aFilme _926 |
|
| 655 | 0 |
_aRomance _923 |
|
| 655 | 0 |
_aFicção _922 |
|
| 700 |
_aAna Ban _eTradutor _9203 |
||
| 830 |
_aO diário da princesa _vLivro 05 _9201 |
||
| 942 |
_2ddc _n0 _cBK |
||
| 999 |
_c88 _d88 |
||